Regimes of Language : (Record no. 611284)

MARC details
000 -LEADER
fixed length control field 00511nam a2200193 a 4500
008 - FIXED-LENGTH DATA ELEMENTS--GENERAL INFORMATION
fixed length control field 260210s2000##################000#0#eng##
020 ## - INTERNATIONAL STANDARD BOOK NUMBER
ISBN 9780852559062
082 04 - DEWEY DECIMAL CLASSIFICATION NUMBER
Classification number 306.44089
Item number KRO
100 1# - MAIN ENTRY--AUTHOR NAME
Personal name Kroskrity, Paul V.,
245 10 - TITLE STATEMENT
Title Regimes of Language :
260 ## - PUBLICATION, DISTRIBUTION, ETC. (IMPRINT)
Name of publisher James Currey,
Year of publication 2000.
300 ## - PHYSICAL DESCRIPTION
Number of Pages 411 pages
650 #0 - SUBJECT ADDED ENTRY--TOPICAL TERM
Topical Term Anthropological linguistics.
942 ## - ADDED ENTRY ELEMENTS (KOHA)
Koha item type English Books
Holdings
Withdrawn status Lost status Damaged status Not for loan Home library Current library Shelving location Date acquired Full call number Accession Number Price effective from Koha item type
        Anna Centenary Library Anna Centenary Library 3RD FLOOR, B WING 10.02.2026 306.44089 KRO 276278 10.02.2026 English Books

Find us on the map